Smallest Countries of the World - Sudden Death - Statistics

General Stats
  • This quiz has been taken 771 times
  • The average score is 21 of 98
Answers on the Grid
Answers color-coded by a green-red scale on the quiz's grid according to % correct below.
Afghanistan
Albania
Algeria
Andorra
Angola
Antigua and Barbuda
Argentina
Armenia
Australia
Austria
Azerbaijan
Bahamas
Bahrain
Bangladesh
Barbados
Belarus
Belgium
Belize
Benin
Bhutan
Bolivia
Bosnia and Herzegovina
Botswana
Brazil
Brunei
Bulgaria
Burkina Faso
Burundi
Cambodia
Cameroon
Canada
Cape Verde
Central African Republic
Chad
Chile
China
Colombia
Comoros
Costa Rica
Croatia
Cuba
Cyprus
Czech Republic
D. R. Congo
Denmark
Djibouti
Dominica
Dominican Republic
East Timor
Ecuador
Egypt
El Salvador
Equatorial Guinea
Eritrea
Estonia
Eswatini
Ethiopia
F. S. Micronesia
Fiji
Finland
France
Gabon
Gambia
Georgia
Germany
Ghana
Greece
Grenada
Guatemala
Guinea
Guinea-Bissau
Guyana
Haiti
Honduras
Hungary
Iceland
India
Indonesia
Iran
Iraq
Ireland
Israel
Italy
Ivory Coast
Jamaica
Japan
Jordan
Kazakhstan
Kenya
Kiribati
Kosovo
Kuwait
Kyrgyzstan
Laos
Latvia
Lebanon
Lesotho
Liberia
Libya
Liechtenstein
Lithuania
Luxembourg
Madagascar
Malawi
Malaysia
Maldives
Mali
Malta
Marshall Islands
Mauritania
Mauritius
Mexico
Moldova
Monaco
Mongolia
Montenegro
Morocco
Mozambique
Myanmar
Namibia
Nauru
Nepal
Netherlands
New Zealand
Nicaragua
Niger
Nigeria
North Korea
North Macedonia
Norway
Oman
Pakistan
Palau
Panama
Papua New Guinea
Paraguay
Peru
Philippines
Poland
Portugal
Qatar
Republic of the Congo
Romania
Russia
Rwanda
Saint Kitts and Nevis
Saint Lucia
Saint Vincent and the
Grenadines
Samoa
San Marino
São Tomé and Príncipe
Saudi Arabia
Senegal
Serbia
Seychelles
Sierra Leone
Singapore
Slovakia
Slovenia
Solomon Islands
Somalia
South Africa
South Korea
South Sudan
Spain
Sri Lanka
Sudan
Suriname
Sweden
Switzerland
Syria
Taiwan
Tajikistan
Tanzania
Thailand
Togo
Tonga
Trinidad and Tobago
Tunisia
Turkey
Turkmenistan
Tuvalu
Uganda
Ukraine
United Arab Emirates
United Kingdom
United States
Uruguay
Uzbekistan
Vanuatu
Vatican City
Venezuela
Vietnam
Yemen
Zambia
Zimbabwe
 
Answer Stats
Answer % Correct
Andorra
73%
Antigua and Barbuda
59%
Bahamas
56%
Bahrain
53%
Barbados
47%
Brunei
47%
Fiji
45%
Bhutan
39%
East Timor
39%
Cape Verde
38%
Comoros
37%
Eswatini
37%
F. S. Micronesia
36%
Armenia
35%
Belize
35%
Albania
34%
Cyprus
34%
Djibouti
34%
Vatican City
32%
Nauru
31%
Dominica
30%
El Salvador
30%
Burundi
29%
San Marino
29%
Benin
28%
Lesotho
28%
Vanuatu
28%
Equatorial Guinea
26%
Liechtenstein
26%
Tuvalu
26%
Azerbaijan
24%
Gambia
24%
Grenada
24%
Kiribati
24%
Guinea-Bissau
23%
Kuwait
23%
Malta
23%
Marshall Islands
23%
Monaco
23%
Saint Kitts and Nevis
23%
Saint Lucia
23%
Saint Vincent and the
Grenadines
23%
São Tomé and Príncipe
23%
Palau
22%
Dominican Republic
21%
Haiti
21%
Luxembourg
21%
Maldives
21%
Trinidad and Tobago
21%
Austria
20%
Belgium
20%
Kosovo
20%
Qatar
20%
Samoa
20%
Tonga
20%
Jamaica
19%
Mauritius
19%
Seychelles
19%
Costa Rica
18%
Solomon Islands
18%
Cuba
17%
Eritrea
17%
Singapore
17%
Israel
16%
Estonia
15%
Togo
15%
Bosnia and Herzegovina
14%
Croatia
13%
Denmark
13%
Lebanon
13%
Rwanda
12%
Georgia
11%
Latvia
11%
Montenegro
11%
Taiwan
11%
United Arab Emirates
10%
Guatemala
8%
Ireland
8%
Lithuania
8%
Moldova
8%
North Macedonia
8%
Sierra Leone
7%
Slovenia
7%
Iceland
6%
Panama
6%
Czech Republic
5%
Honduras
5%
Liberia
5%
Netherlands
5%
Sri Lanka
5%
Switzerland
5%
Bulgaria
4%
Hungary
3%
Serbia
3%
Jordan
2%
Slovakia
2%
South Korea
2%
Portugal
1%
No matching quizzes found
Score Distribution
Percent of People with Each Score
Percentile by Number Answered
Your Score History
You have not taken this quiz